Statistics for Second Route Pokémon

Click here to take the quiz!

General Stats

  • This quiz has been taken 56 times
    (30 since last reset)
  • The average score is 102 of 140

Answer Stats

GameRouteTypeAnswer% Correct
B2BugCaterpie
100%
GC30BugCaterpie
100%
Y2BugCaterpie
100%
GSC30Normal/FlyingHoothoot
100%
GSC2Normal/FlyingHoothoot
100%
SwSh2Normal/FlyingHoothoot
100%
RBY2Normal/FlyingPidgey
100%
XY2Normal/FlyingPidgey
100%
GSC30Normal/FlyingPidgey
100%
RBY2NormalRattata
100%
GS30NormalRattata
100%
SM2Dark/NormalRattata(Alola)
100%
R2Bug/PoisonWeedle
100%
SC30Bug/PoisonWeedle
100%
X2Bug/PoisonWeedle
100%
SwSh2Normal/DarkGalarian Zigzagoon
94%
SC30Bug/FlyingLedyba
94%
GC2Bug/FlyingLedyba
94%
Sh2Water/GrassLotad
94%
SE102Water/GrassLotad
94%
SwSh2WaterMagikarp
94%
GSC30WaterMagikarp
94%
RSE102WaterMagikarp
94%
RSE102Water/FairyMarill
94%
G2BugMetapod
94%
G30BugMetapod
94%
GSC2ElectricPikachu
94%
RSE102DarkPoochyena
94%
RSE102Psychic/FairyRalts
94%
DPP202ElectricShinx
94%
HGSS2(Sound)ElectricShinx
94%
SC2Bug/PoisonSpinarak
94%
GC30Bug/PoisonSpinarak
94%
RS102Water/BugSurskit
94%
RSE102BugWurmple
94%
HGSS2BugWurmple
94%
DPP202(Swarm)NormalZigzagoon
94%
RSE102NormalZigzagoon
94%
XY2NormalZigzagoon
94%
GC2Bug/PoisonAriados
88%
LGPE2Ice/FlyingArticuno
88%
S2Bug/PoisonBeedrill
88%
LGE2Grass/PoisonBellsprout
88%
GC2Bug/FlyingButterfree
88%
LGPE2Dragon/FlyingDragonite
88%
S30Bug/PoisonKakuna
88%
S2Bug/PoisonKakuna
88%
DPP202BugKricketot
88%
GC2Bug/FlyingLedian
88%
HGSS2(Sound)ElectricMinun
88%
LGPE2Fire/FlyingMoltres
88%
BW22PoisonNidoran
88%
BW22PoisonNidoran
88%
Y2PoisonNidoran (Female)
88%
Y2PoisonNidoran (Male)
88%
HGSS2Normal/FlyingNoctowl
88%
LGP2Grass/PoisonOddish
88%
BW2NormalPatrat
88%
LGPE2Normal/FlyingPidgeot
88%
GSC2Normal/FlyingPidgeotto
88%
HGSS2(Sound)ElectricPlusle
88%
Sw2GrassSeedot
88%
R102GrassSeedot
88%
DPP202Normal/FlyingStarly
88%
LGPE2Electric/FlyingZapdos
88%
C30Poison/FlyingZubat
88%
ORAS102Water/FairyAzumarill
81%
DPP202NormalBidoof
81%
HGSS30(Sound)NormalBidoof
81%
LGPE2Fire/FlyingCharizard
81%
SM2FireGrowlithe
81%
DPP202(Slot)FireGrowlithe
81%
ORAS102NormalLillipup
81%
HGSS30(Sound)NormalLinoone
81%
BW2DarkPurrloin
81%
SwSh2DarkPurrloin
81%
GSC30Normal/FlyingSpearow
81%
SM2Normal/FlyingSpearow
81%
BW22NormalWatchog
81%
GS30Bug/FightingHeracross
75%
BW22NormalHerdier
75%
C30Grass/FlyingHoppip
75%
BW2NormalLillipup
75%
SM2DarkMeowth(Alola)
75%
USUM2PoisonEkans
69%
C30Grass/PsychicExeggcute
69%
XY2Normal/FlyingFletchling
69%
E102WaterGoldeen
69%
SwSh2Water/FlyingGyarados
69%
USUM2(Trade)Fighting/FlyingHawlucha
69%
RBY2Psychic/FairyMr. Mime
69%
SwSh2FlyingRookidee
69%
BW22NormalStoutland
69%
SM2PsychicAbra
63%
SwSh2BugBlipbug
63%
SwSh2WaterChewtle
63%
SM2Bug/FairyCutiefly
63%
SwSh2Water/IceLapras
63%
BW22DarkLiepard
63%
SwSh2DarkNickit
63%
C30BugPineco
63%
HGSS2BugPineco
63%
DPP202(Radar)NormalSentret
63%
SwSh2ElectricYamper
63%
SM2NormalYungoos
63%
USUM2(Isl.Scan)Grass/PoisonBulbasaur
56%
XY2NormalBunnelby
56%
SwSh2Water/RockDrednaw
56%
SwSh2GrassGossifleur
56%
SM2FightingMakuhita
56%
SwSh2Dark/NormalObstagoon
56%
SwSh2NormalSkwovet
56%
SwSh2WaterArrokuda
50%
BW2NormalAudino
50%
SwSh2WaterBarraskewda
50%
SM2(Trade)FightingMachop
50%
ORAS102Bug/FlyingMasquerain
50%
XY2BugScatterbug
50%
SM2FightingCrabrawler
44%
SM2PsychicDrowzee
44%
SwSh2WaterFeebas
44%
ORAS102PsychicGothita
44%
BW22NormalJigglypuff
44%
GSC30WaterPoliwag
44%
GS30NormalAipom
38%
RSE102WaterCorphish
38%
SM2(Isl.Scan)GrassChikorita
31%
USUM2NormalDunsparce
31%
BW22NormalDunsparce
31%
HGSS30(Sound)NormalWhismur
31%
USUM2NormalFurfrou
25%
GSC30WaterPoliwhirl
25%
BW22NormalWigglytuff
25%
HGSS30(Sound)WaterBuizel
19%
BW22FairyGranbull
19%
BW22NormalLickitung
6%
SM2NormalSmeargle
6%
ORAS102WaterTympole
6%
BW22NormalLickilicky
0%
BW2(Swarm)PsychicWynaut
0%

Score Distribution

Percentile by Number Answered

Percent of People with Each Score

Your Score History

You have not taken this quiz since the last reset